| 000 | 00362nam a2200145Ia 4500 | ||
|---|---|---|---|
| 008 | 230917s9999||||xx |||||||||||||| ||und|| | ||
| 040 |
_e148274 _aMAIN |
||
| 041 | _aEnglish | ||
| 082 | _a823.09 C392P | ||
| 100 | _aChatterjee, S | ||
| 245 | 0 | _aProblems in modern English fiction | |
| 260 |
_aCalcutta _bBook Land Ltd. _c1965 |
||
| 300 | _a356 p. | ||
| 942 | _cBK | ||
| 999 |
_c141268 _d141268 |
||